| 000 | 00680nam a2200193 a 4500 | ||
|---|---|---|---|
| 001 | 1731936 | ||
| 003 | AM-YEHGA | ||
| 005 | 20250617164819.0 | ||
| 008 | 210126s1962 ru a||||r|||||001|0|rus|| | ||
| 040 | _aAM-YeHGA | ||
| 041 | 0 | _arus | |
| 100 | 1 | _aБолховитинов, Н. Ф. | |
| 245 | 1 | 0 |
_aСвойства и применение листовой стали для холодной штамповки / _cН. Ф. Болховитинов, д-р техн. наук проф. |
| 260 |
_aМосква : _bМашгиз, _c1962. |
||
| 300 |
_a84 с. : _bил. ; _c20 см. |
||
| 504 | _aБиблиогр. в конце книги | ||
| 942 |
_2udc _cBK |
||
| 090 | _c568446 | ||
| 999 |
_c529958 _d529958 |
||